00841 a2200157 45000010006000000050017000060080041000230030015000640400040000790800099001192450032002182640036002503000019002865050361003051000017006662972220260407155608.0260407a1962 arg spa dAR-UNSa-BCEJYS aAR-UNSa-BCEJYSbspacAR-UNSa-BCEJYS a657.36xBalances de comprobación (balance estimativo). Balances de saldo. Balance intermedio10aInterpretacón de balances 1aMadrid :bEdiciones Rialpc1962 a351 p.c24 cm. a1. El balance - 2. La cuenta de explotación y de beneficios y pérdidas - 3. De los diferentes objetos del análisis de los balances - 4. Valoración de los elementos del balance - 5. Examen crítico del conjunto del balance - 6. La aprecicación de las cuentas de explotación y de beneficios y pérdidas - 7. El balance de las sociedades Holding1 aSnozzi, E.G.